Biting back at estate agents (Record no. 10279)
[ view plain ]
| 000 -LEADER | |
|---|---|
| fixed length control field | 01003cab a2200277 4500 |
| 001 - CONTROL NUMBER | |
| control field | WB3109-40 |
| 008 - FIXED-LENGTH DATA ELEMENTS--GENERAL INFORMATION | |
| fixed length control field | 090401t1995 xxu||||| |||| 00| 0 eng d |
| 035 ## - SYSTEM CONTROL NUMBER | |
| System control number | (Sirsi) u15637 |
| 041 ## - LANGUAGE CODE | |
| Language code of text/sound track or separate title | eng |
| 245 ## - TITLE STATEMENT | |
| Title | Biting back at estate agents |
| 260 ## - PUBLICATION, DISTRIBUTION, ETC. | |
| Date of publication, distribution, etc. | 1995 |
| 350 ## - PRICE (NR) (BK AM CF MU VM SE) [OBSOLETE] | |
| Price | 0 |
| 490 ## - SERIES STATEMENT | |
| Series statement | Sunday Telegraph |
| Volume/sequential designation | 26 February 1995, 8 |
| 490 ## - SERIES STATEMENT | |
| Series statement | Observer |
| Volume/sequential designation | 26 February 1995, 20 |
| 490 ## - SERIES STATEMENT | |
| Series statement | Guardian |
| Volume/sequential designation | 25 february 1995, 34(2) |
| 520 ## - SUMMARY, ETC. | |
| Summary, etc. | With almost half the complaints referred to the Ombudsman for Corporate Estate Agents relating to agents not associated with the scheme, the RICS, ISVA and NAEA have considered ways in which their members could be covered by such a scheme. |
| 650 ## - SUBJECT ADDED ENTRY--TOPICAL TERM | |
| Topical term or geographic name entry element | ARLA |
| 650 ## - SUBJECT ADDED ENTRY--TOPICAL TERM | |
| Topical term or geographic name entry element | ASSOCIATION OF RESIDENTIAL LETTING AGENTS |
| 650 ## - SUBJECT ADDED ENTRY--TOPICAL TERM | |
| Topical term or geographic name entry element | COMPLAINTS |
| 650 ## - SUBJECT ADDED ENTRY--TOPICAL TERM | |
| Topical term or geographic name entry element | ESTATE AGENTS |
| 650 ## - SUBJECT ADDED ENTRY--TOPICAL TERM | |
| Topical term or geographic name entry element | OMBUDSMAN FOR CORPORATE ESTATE AGENTS |
| 650 ## - SUBJECT ADDED ENTRY--TOPICAL TERM | |
| Topical term or geographic name entry element | REGULATION |
| 690 ## - LOCAL SUBJECT ADDED ENTRY--TOPICAL TERM (OCLC, RLIN) | |
| Topical term or geographic name as entry element | MANAGEMENT-BUSINESS MANAGEMENT-PROFESSIONAL PRACTICE |
| 942 ## - ADDED ENTRY ELEMENTS (KOHA) | |
| Suppress in OPAC | 0 |
| 948 ## - LOCAL PROCESSING INFORMATION (OCLC); SERIES PART DESIGNATOR (RLIN) | |
| c (OCLC) | 04/03/1997 |
| Withdrawn status | Lost status | Source of classification or shelving scheme | Damaged status | Not for loan | Home library | Current library | Shelving location | Date acquired | Total Checkouts | Full call number | Barcode | Date last seen | Copy number | Price effective from | Koha item type |
|---|---|---|---|---|---|---|---|---|---|---|---|---|---|---|---|
| Dewey Decimal Classification | London | London | News article | 14/09/1999 | WB3109-40 | 15637-1001 | 06/08/2019 | 1 | 06/08/2019 | News article |